000 00601cam a2200193 a 4500
001 1670655
005 20250825160839.0
008 980521s1997 miu b 001 0 eng
020 _a080284460X
_qpbk. : alk. paper
050 0 0 _aBL240.2
_b.C578 1997
082 0 0 _a261.5/5
_221
100 1 _aClayton, Philip,
_d1956-
245 1 0 _aGod and contemporary science /
_cPhilip D. Clayton.
260 _aGrand Rapids, Mich. :
_bW.B. Eerdmans Pub.,
_cc1997.
300 _axii, 274 p. ;
_c23 cm.
440 0 _aEdinburgh studies in constructive theology
650 0 _aReligion and science.
942 _2lcc
_cBK
_n0
999 _c7375
_d7375